[Event "Sitges Sunway op 6th"]
[Site "Sitges"]
[Date "2019.12.17"]
[Round "5"]
[White "Gorshtein, Ido"]
[Black "Edouard, Romain"]
[Result "0-1"]
[WhiteElo "2372"]
[BlackElo "2653"]
[Annotator "Edouard,R"]
[PlyCount "86"]
[EventDate "2019.12.13"]
[EventType "swiss"]
[EventRounds "10"]
[EventCountry "ESP"]
[SourceTitle "CBM 194 Extra"]
[Source "ChessBase"]
[SourceDate "2020.03.31"]
[SourceVersion "1"]
[SourceVersionDate "2020.03.31"]
[SourceQuality "1"]

{[%evp 0,86,32,-9,28,14,39,22,25,18,5,-19,16,-16,4,6,21,-12,8,13,13,16,22,20,
20,14,21,-1,22,-16,24,-3,20,23,40,51,59,-12,20,-52,-39,-26,-26,33,17,37,42,48,
48,70,37,31,69,69,84,56,67,64,64,86,65,88,83,59,29,-28,-72,-272,-488,-481,-509,
-509,-525,-509,-509,-526,-184,-185,-185,-168,-217,-226,-222,-241,-249,-265,
-262,-285,-296]} 1. c4 c5 2. Nc3 g6 3. g3 Bg7 4. Bg2 Nc6 5. b3 e6 6. Ba3 {
A relatively new plan. Basically Black wants to provoke ...d6 after what it
will be more difficult for Black to push ...d5.} d6 (6... Qa5 {usually gives
White an easier position. The queen on a5 is a a bit far from the action.} 7.
Bb2 (7. Qc1 $5 Nge7 8. h4 $5 h6 9. Bb2 O-O 10. Ne4 e5 11. Bc3 Qb6 12. Nd6 Nb4
13. Nxc8 Raxc8 14. a3 Nbc6 15. Rb1 Rfd8 16. h5 g5 17. e4 Nd4 18. Ne2 Qe6 19. d3
b5 20. Nxd4 cxd4 21. Ba5 Re8 22. O-O Kh8 23. Qd1 $14 {½-½ (39) Haldorsen,B 
(2444)-Arvola,B (2497) Larvik 2019}) 7... Nge7 8. h4 $1 h6 9. Qb1 O-O 10. Ne4
f5 11. Bxg7 Kxg7 12. Qb2+ e5 13. Nd6 Qc7 14. Nxc8 (14. Nb5 Qb8 15. f4 $36)
14... Raxc8 15. d3 Rcd8 16. Rc1 b6 17. Nf3 d5 $36 {½-½ (44) Ding Liren (2805)
-Topalov,V (2740) Abidjan 2019}) (6... Nb4 $6 {makes no sense:} 7. Nf3 Ne7 8.
O-O O-O 9. d4 d5 10. cxd5 exd5 11. Rc1 Qa5 $6 12. Na4 $16 {1-0 (37) Petrov,N 
(2610)-Hnydiuk,A (2411) Llucmajor 2019}) 7. e3 Nge7 {Black should just play
normal moves.} ({Again,} 7... Nb4 $6 {is too artificial:} 8. d4 Qa5 9. Bb2 $1
$146 (9. Bxb4 $6 Qxb4 10. Nge2 cxd4 11. exd4 Ne7 12. O-O a6 $13 {½-½ (30)
Klekowski,M (2506)-Kozakov,M (2486) Chorzow 2019}) 9... cxd4 10. exd4 Ne7 (
10... Bxd4 $2 11. a3 $18) 11. Nf3 $14) 8. Nge2 e5 $5 {An interesting move.
Usually, Black doesn't like this setup against e3 and Nge2, but with the
awkward white bishop on a3 it makes some sense.} ({After} 8... O-O 9. O-O {
Black has several reliable ideas:} Nf5 (9... Qa5 $5 10. Bb2 d5 $1 {The only
way to justify an artificial move like ...Qa5.} 11. cxd5 exd5 12. Nf4 Rd8 13.
Qc1 d4 14. Na4 c4 $1 15. Re1 (15. Qxc4 b5 $132) 15... dxe3 16. dxe3 Ne5 17. Bc3
Qb5 18. Qa3 N7c6 $13 {½-½ (33) Ding Liren (2813)-Vidit,S (2695) Wijk aan Zee
2019}) (9... b6 $6 10. d4 {is what White is wishing for.}) (9... a6 $6 10. d4
cxd4 11. exd4 Nf5 {Concrete stuff again.} 12. d5 Ncd4 13. Nxd4 Bxd4 14. Ne4 $1
$14 (14. Rc1 Qa5 15. Nb1 e5 $13 {½-½ (54) Loskutova,V (2071)-Krasteva,B 
(2297) Bratislava 2019})) 10. d3 Qd7 (10... a6 $5) 11. Rc1 Rd8 $1 (11... b6 12.
d4 $14) 12. Qd2 b6 $1 13. d4 cxd4 14. exd4 (14. Nxd4 Nfxd4 15. exd4 d5 $1 16.
cxd5 Nxd4 $11) 14... d5 $1 15. cxd5 Ncxd4 16. dxe6 $1 (16. Nxd4 Nxd4 $11) 16...
Nf3+ 17. Bxf3 Qxd2 18. exf7+ Kxf7 19. Bxa8 {Instead the computer suggests two
lines.} Bf8 $6 (19... Nd4 $5 20. Nxd4 Bxd4 21. Ne4 Qxa2 22. Rc7+ Rd7 $1 23.
Nd6+ Kf6 24. Ne8+ Kf5 $8 25. Nd6+ Kg5 $11) (19... Bxc3 $5 20. Nxc3 Nd4 21. Rfd1
Qh6 {may also hold according to the engine.}) 20. Rcd1 Bxa3 21. Rxd2 Rxd2 22.
Bd5+ Kg7 23. Rd1 Rxd1+ 24. Nxd1 $14 {½-½ (30) Giri,A (2783)-Van Foreest,J 
(2612) Wijk aan Zee 2019. Great preparation by both players!}) 9. Bb2 (9. O-O
O-O 10. Bb2 (10. d3 Be6 11. Nd5 e4 $1 12. dxe4 Qa5 $1 {is a nice trick.}) 10...
Be6 (10... Rb8 $5) 11. Nd5 Qd7 $1 (11... Rb8 $5) (11... Bxd5 $2 12. cxd5 Nb4
13. e4 Nd3 14. Bc3 b5 15. Qc2 c4 16. bxc4 bxc4 17. Qa4 Qc7 18. Nc1 $16 {
1-0 (37) Rakhmanov,A (2634)-Timofeev,A (2580) Sochi 2018}) 12. Nec3 (12. Nxe7+
Nxe7 13. d4 exd4 14. exd4 d5 $11 {½-½ (61) Darban,M (2331)-Quparadze,G (2517)
Kesan 2018}) (12. d3 Bh3 13. Bxh3 Qxh3 14. Nec3 Qd7 15. Rb1 Nxd5 16. Nxd5 f5
17. f4 Rad8 18. Qd2 Ne7 {½-½ (17) Felgaer,R (2561)-Bachmann,A (2555)
Asuncion PAR 2009}) (12. Re1 $6 Bxd5 13. cxd5 Nb4 $132 {[%csl Rd3]}) 12... Bh3
13. Nxe7+ (13. Bxh3 Qxh3 14. Rb1 Rad8 15. Ba1 Nxd5 16. Nxd5 Qe6 17. d3 Ne7 $11
{½-½ (103) Rotstein,A (2460)-Telljohann,S (2413) Germany 2000}) 13... Nxe7
14. Bxh3 Qxh3 15. Qf3 Qd7 16. Nd5 Nxd5 17. Qxd5 Qc6 18. f3 {½-½ (17)
Scheerer,C (2368)-Schatz,W (2316) GER 2013}) 9... a6 (9... O-O $5 10. d3 Rb8
11. h4 h6 (11... Bg4 $5) 12. Qd2 Bg4 13. O-O-O a6 14. f3 Be6 15. h5 d5 16. cxd5
Nxd5 17. hxg6 fxg6 18. Kb1 Qe7 19. f4 $14 {½-½ Vitiugov,N (2734)-Svidler,P 
(2739) Moscow 2019. This is the kind of position to avoid, even if White
offered a draw here.}) (9... Be6 $5 10. O-O $1 (10. Nd5 Bxd5 11. cxd5 Nb4 12.
d4 (12. O-O $5 Nbxd5 13. Nc3 Nxc3 14. dxc3 Qc7 $13) 12... exd4 13. exd4 Nbxd5 (
13... O-O 14. O-O Nbxd5 15. Qd2 a5 16. Rfd1 Rc8 17. Rac1 $36 {½-½ (34)
Morozevich,A (2724)-Inarkiev,E (2688) Sochi 2014}) 14. Qd2 O-O 15. Rd1 Rc8 16.
dxc5 Bxb2 17. Qxb2 Qa5+ 18. Qd2 Qxd2+ 19. Rxd2 Rxc5 20. O-O Rfc8 21. Rfd1 Rc2
$11 {0-1 (54) Doostkam,P (2250)-Mahmoody,M (2228) Teheran 2005}) 10... O-O (
10... d5 $6 11. Na4 $1 b6 12. Nf4 $1 $14) 11. Nd5 {transposes to 9.0-0 above.})
(9... h5 $5 10. h3 (10. O-O h4 11. Nd5 hxg3 12. hxg3 Bg4 13. f3 Be6 14. e4 Qd7
$15 {½-½ (77) Sanguinetti,R-Hartston,W Haifa 1976}) 10... Be6 11. d3 d5 12.
O-O O-O 13. cxd5 Nxd5 $13 {0-1 (58) Keinanen,T (2386)-Vocaturo,D (2612)
Helsingor 2019}) (9... Bf5 $5 {to go ...Qd7, ...Bh3 while not allowing Nd5 (as
Black could just go ...Nxd5) is playable as well.}) (9... Rb8 $5 {is possible
as well.}) 10. d3 O-O 11. O-O (11. h4 $5 Bg4 $5 {and aggressive plans fail:}
12. h5 (12. f3 Be6 13. h5 d5 $15) 12... Bxh5 13. f3 f5 $17) 11... Rb8 12. Qd2
b5 13. Rad1 (13. Nd5 $5 {must be the right move, and I'm not sure Black
equalizes:} Be6 (13... f5 14. f4 Be6 15. Rac1 $14) (13... Nxd5 14. cxd5 Ne7 15.
f4 $36) 14. Rae1 Qd7 15. f4 f5 16. Nec3 $14 {0-1 (47) Topalov,V (2740)-Wei Yi 
(2736) Abidjan 2019}) 13... Be6 $6 (13... Qa5 $5 {may have been smart. Next
could be ...Be6 and if Black manages to exchange queens after Nd5, he will be
fine. The a2-pawn is also in the air.} 14. Ba1 Be6) 14. f4 $1 exf4 15. Nxf4 Bg4
16. Rb1 bxc4 17. dxc4 $1 (17. bxc4 Qa5 18. Ba1 Bf5 $13) 17... Ne5 18. Ba1 (18.
h3 Bc8 (18... Bf5 19. Rbd1) 19. Ne4 Bf5 20. Bc3) 18... g5 $5 19. h3 $6 {
White would be slightly better after any knight move. Both my opponent and I
overestimated Black's position.} (19. Nd3 $1 f5 20. Nxe5 dxe5 21. Qxd8 Rbxd8
22. h3 Bh5 23. Na4 $16) 19... gxf4 20. gxf4 Bf5 21. e4 N5g6 (21... Bg6 22. fxe5
Bxe5 23. Nd5 $36) 22. exf5 Bd4+ (22... Nxf5 {may have been better.}) 23. Kh2
Nxf5 24. Nd5 Re8 25. Qd3 Bxa1 26. Rxa1 Nd4 27. f5 Ne5 28. Qg3+ Kh8 29. f6 Rg8
30. Qh4 $2 (30. Qf4 $1 {and Black is paralyzed.}) 30... Qa5 $1 31. Qf2 (31. Be4
Qd2+ (31... Ndf3+ $2 32. Rxf3 Nxf3+ 33. Bxf3 Qd2+ 34. Kh1 $18) 32. Kh1 (32. Rf2
Ndf3+ $15) 32... Ng6 $132) 31... Rg5 $1 32. Be4 (32. Ne7 $1 {was the last
chance for White to prevent Black from turning the game around.}) 32... Rbg8 $1
{Now White is in big trouble. One of the threats is ...Rh5+ followed with ...
Ng4+.} 33. Qh4 $2 {A bad move in a bad position, when Black was threatening ...
Rh5.} (33. Ne7 Rh5 $1 $17) (33. Rg1 $2 Qd2 $1 {was a cute trick.}) 33... Nef3+
$1 34. Rxf3 (34. Bxf3 Qd2+ 35. Rf2 (35. Kh1 Nxf3 $19) 35... Nxf3+ $19) 34...
Nxf3+ 35. Bxf3 Qd2+ 36. Kh1 Rg2 37. Qf4 Qxf4 (37... Qb2 $1 {was even stronger.
Next is ...R2g3.}) 38. Nxf4 Rf2 39. Bd5 Rxf4 40. Bxf7 Rf8 41. Bd5 R8xf6 42. Kg1
Rg6+ 43. Kh1 Rf2 0-1

[Event "Tata Steel-A 81st"]
[Site "Wijk aan Zee"]
[Date "2019.01.22"]
[Round "9"]
[White "Giri, Anish"]
[Black "Van Foreest, Jorden"]
[Result "1/2-1/2"]
[WhiteElo "2783"]
[BlackElo "2612"]
[Annotator "Fernandez,D"]
[PlyCount "59"]
[EventDate "2019.01.12"]
[EventType "tourn"]
[EventRounds "13"]
[EventCountry "NED"]
[EventCategory "21"]
[SourceTitle "CBM 188"]
[Source "ChessBase"]
[SourceDate "2018.12.21"]
[SourceVersion "1"]
[SourceVersionDate "2018.12.21"]
[SourceQuality "1"]

1. c4 c5 2. g3 Nc6 3. Bg2 g6 4. Nc3 Bg7 5. b3 {Home-made chess today.} e6 6.
Ba3 d6 7. e3 Nge7 8. Nge2 O-O 9. O-O Nf5 10. d3 Qd7 11. Rc1 Rd8 12. Qd2 b6 (
12... Rb8 {is also basically equal, and avoids much of the long-diagonal drama.
}) 13. d4 cxd4 14. exd4 d5 $1 {This had to be precisely calculated, or else
known in advance, and I'm not sure who would go digging so deep in an obscure
opening.} 15. cxd5 Ncxd4 16. dxe6 (16. Nxd4 {is different from the game move
in several key ways, of which White's 19th is the main one.} Nxd4 17. dxe6 Nf3+
(17... fxe6 18. Bxa8 Nf3+ 19. Bxf3 Qxd2 20. Rcd1 Bxc3 $8 21. Rxd2 Bxd2 $8 22.
h4 $14) 18. Bxf3 Qxd2 19. e7 $5 (19. Rfd1 {is possible, but it is White being
careful not to end up worse:} Qxd1+ (19... Qxc1 20. exf7+ Kxf7 21. Rxc1 $44)
20. Rxd1 Bxe6 21. Bxa8 Rxa8 22. Nd5 $11) (19. exf7+ $4 Kxf7 $19 {is stupid
here as the c3-knight is undefended.}) 19... Bh3 $1 {The move which makes
everything fizzle out.} (19... Re8 20. Rfd1 Qg5 21. Bxa8 $16) 20. Rfd1 Bxc3 21.
Rxd2 Bxd2 22. Rd1 Bg5 23. Rxd8+ Rxd8 24. exd8=Q+ Bxd8 $11) 16... Nf3+ 17. Bxf3
Qxd2 18. exf7+ $5 {Making a determination to play interesting chess.} (18. e7
Re8 19. Bxa8 Nxe7 $15 {favours Black now, even though there was no ...Bh3.}) (
18. Bxa8 Bxe6 19. Rcd1 Qxd1 20. Rxd1 Rxa8 $11 {is probably marginally more fun
for Black.}) 18... Kxf7 19. Bxa8 Bf8 $6 (19... Nd4 $11 {was apparently best,
although nerve-wracking to play after} 20. Nxd4 Bxd4 21. Ne4 $44) 20. Rcd1 Bxa3
21. Rxd2 Rxd2 22. Bd5+ Kg7 23. Rd1 Rxd1+ 24. Nxd1 Bc5 {Now the position
slightly favours White, although obviously winning it requires both technique
and luck.} 25. Kg2 Nd4 26. Nec3 b5 27. Ne4 Be7 28. f3 {This move is puzzling,
although almost any legal move guarantees +/ =.} (28. Ne3 $14 {seems cleverer
to me.}) 28... Nc2 29. Kf2 Bd8 30. Nd6 {White either thought he had no
plausible way of winning the bishop-pair, or remembered his reputation...}
1/2-1/2

[Event "Interpolis-02"]
[Site "Tilburg"]
[Date "1978.09.15"]
[Round "11"]
[White "Dzindzichashvili, Roman"]
[Black "Portisch, Lajos"]
[Result "1/2-1/2"]
[WhiteElo "2550"]
[BlackElo "2630"]
[Annotator "Ftacnik,L"]
[PlyCount "25"]
[EventDate "1978.09.01"]
[EventType "tourn"]
[EventRounds "11"]
[EventCountry "NED"]
[EventCategory "14"]
[SourceTitle "MCL"]
[Source "ChessBase"]
[SourceDate "1999.07.01"]
[SourceVersion "1"]
[SourceVersionDate "1999.07.01"]
[SourceQuality "1"]

1. c4 c5 2. g3 Nc6 3. Bg2 g6 4. Nc3 Bg7 5. e3 (5. a3) (5. Nf3) (5. d3 $5) 5...
e6 6. Nge2 Nge7 7. O-O O-O 8. d4 cxd4 9. Nxd4 d5 10. cxd5 Nxd4 11. exd4 Nxd5
12. Nxd5 exd5 13. Qb3 (13. Be3 {1/2 Hort-Tal, Bugojno 1978}) 1/2-1/2

[Event "Interzonal-16"]
[Site "Biel"]
[Date "1993.??.??"]
[Round "9"]
[White "Gurevich, Mikhail"]
[Black "Ftacnik, Lubomir"]
[Result "1-0"]
[WhiteElo "2605"]
[BlackElo "2535"]
[Annotator "Ftacnik,L"]
[PlyCount "81"]
[EventDate "1993.07.16"]
[EventType "swiss"]
[EventRounds "13"]
[EventCountry "SUI"]
[SourceTitle "CBM 037"]
[Source "ChessBase"]
[SourceDate "1993.12.01"]
[SourceVersion "1"]
[SourceVersionDate "1993.12.01"]
[SourceQuality "1"]

1. c4 c5 2. g3 g6 3. Bg2 Bg7 4. Nc3 Nc6 5. d3 Nf6 6. Rb1 e6 $5 (6... O-O) 7. e4
O-O 8. Nge2 d5 $5 9. exd5 exd5 10. cxd5 Nd4 (10... Nb4 11. Bg5 Bf5 12. Be4 $16)
11. h3 $5 (11. O-O Bg4 12. h3 Bf3 13. Bxf3 Nxf3+ 14. Kg2 Nd4 $1 (14... Nxd5 $2
15. Kxf3 Nxc3 16. Nxc3 Bxc3 17. bxc3 Qd5+ 18. Ke2 Rfe8+ (18... Qxa2+ 19. Rb2
Rfe8+ 20. Kd2 $16) 19. Be3 $16) 15. Nf4 b5 $5 $132) 11... Re8 12. Be3 b6 (12...
Nxe2 13. Qxe2 b5 $5 $132) 13. O-O Nxe2+ 14. Qxe2 Bb7 15. Qf3 Nd7 $44 16. Rbd1
Ne5 17. Qe2 (17. Qf4 $6 Ba6 $15) 17... Ba6 18. Qc2 Qd7 (18... Qf6 $5 19. Bf4
Qf5 $44) 19. Bf4 Rad8 20. Rfe1 f5 21. Re3 Nf7 22. Rxe8+ Rxe8 23. Be3 $5 {
/\ d4, /\ Ne2-f4} Nd6 24. Ne2 c4 25. Nf4 Rc8 (25... g5 26. Ne6 cxd3 27. Rxd3 $5
Bxd3 28. Qxd3 $44) 26. dxc4 Nxc4 27. Qb3 Nxb2 (27... Nxe3 28. Qxe3 Bxb2 29. d6
Kh8 30. Qe7 Bb5 31. Rb1 $1 Qxe7 $8 32. dxe7 Rc1+ 33. Rxc1 Bxc1 34. Ne6 $18) 28.
d6+ Bc4 (28... Kh8 29. Bd4 $1 Nxd1 30. Bxg7+ Kxg7 31. Qxd1 Rd8 32. Qd4+ Kh6 33.
Ne6 $1 $18) 29. Bd5+ Kh8 30. Bxc4 Nxc4 31. Bd4 $1 $16 Bxd4 32. Rxd4 Nxd6 $2 (
32... b5 $16) 33. Qd5 $6 (33. Nxg6+ hxg6 34. Rh4+ Kg7 35. Qb2+ Kf8 36. Qf6+ $18
) 33... Rc1+ 34. Kh2 Qb7 35. Qe5+ $6 (35. Nxg6+ $1 Kg7 36. Nh4 $16) 35... Kg8
36. Nd5 Nf7 37. Qf6 Re1 (37... Kf8 $1 {/\ Rc6-d6=/+}) 38. Rd2 (38. Rc4 $2 Rh1+
$1 $19) 38... Re8 $2 (38... Re5 $1) 39. Qd4 $16 Rd8 40. Nf6+ Kg7 $2 (40... Kf8
41. Nxh7+ Kg8 $16) 41. Nh5+ $18 (41. Nh5+ Kh6 (41... Kf8 42. Qg7+ Ke8 43. Rxd8+
$18) 42. Qg7+ Kg5 43. Nf6 $1 Rxd2 44. h4#) 1-0

[Event "Interpolis-01"]
[Site "Tilburg"]
[Date "1977.10.06"]
[Round "11"]
[White "Andersson, Ulf"]
[Black "Miles, Anthony John"]
[Result "1-0"]
[WhiteElo "2565"]
[BlackElo "2555"]
[Annotator "Ftacnik,L"]
[PlyCount "71"]
[EventDate "1977.09.23"]
[EventType "tourn"]
[EventRounds "11"]
[EventCountry "NED"]
[EventCategory "14"]
[SourceTitle "MCL"]
[Source "ChessBase"]
[SourceDate "1999.07.01"]
[SourceVersion "1"]
[SourceVersionDate "1999.07.01"]
[SourceQuality "1"]

1. c4 c5 2. g3 g6 3. Bg2 Bg7 4. Nc3 Nc6 5. e3 Nh6 (5... e6 6. Nge2 Nge7 $10) 6.
Nge2 Nf5 7. b3 (7. a3 {P b1, b4}) 7... a6 8. Bb2 O-O 9. d3 d6 10. O-O Bd7 11.
Qd2 Rb8 (11... Qa5 {Pb5} 12. Rad1 {P d2-c1-a1, d2, fd1}) 12. Ne4 (12. Nd5) (12.
f4 $5) 12... Qa5 13. Bc3 Bxc3 14. N4xc3 (14. N2xc3 {P b2, d5~/=}) 14... b5 15.
Rfe1 {P 16.d4 cd4 17.ed4 e/^ e1} Rfc8 16. Rad1 Qd8 {Pa5-a4} 17. Nd5 (17. Ne4 {
Pd4~/=c5}) 17... Qf8 (17... bxc4 $142 18. bxc4 a5 {P g7-e6 Andersson,U} (18...
Nb4 19. e4 {Pe5})) 18. d4 bxc4 (18... cxd4 $6 19. e4 (19. exd4 {Pc5}) 19... Ng7
20. cxb5 axb5 21. Nxd4 $14) 19. dxc5 (19. bxc4 $143 Nd8) 19... dxc5 20. bxc4
Be8 21. Nec3 Qg7 22. Ne4 Kh8 (22... Rb2 23. Ndf6+ $18) (22... e6 23. Ndf6+) (
22... Qb2 $142 23. Nxc5 Ne5 24. Nxa6 Qxd2 25. Rxd2 Nxc4 26. Nxb8 Nxd2 27. e4
$16) 23. Rb1 Ne5 $2 $18 {<-> g7} 24. Rxb8 Rxb8 25. Qa5 {P 26. c7 a8 (26... b2
27. d8+-) 27. b6+-} Nd3 (25... Nxc4 26. Qxc5 {<-> c4,<->e7}) 26. Rd1 Nb2 27.
Qc7 (27. Rb1 Nxc4 28. Rxb8 Qa1+) 27... Ra8 28. Rc1 {P 29. b6, 29. e7} Nd3 29.
Rc3 Nb4 30. Nb6 Nd6 31. Rc1 (31. Nxa8 Nxe4 32. Bxe4 Qxc3 33. Qxe7 $18) 31...
Qb2 32. Rf1 Bc6 33. Nxd6 Bxg2 34. Kxg2 Rf8 35. Qxe7 Kg8 36. Nd7 1-0

[Event "Rostock-08 IM Group"]
[Site "Rostock"]
[Date "1982.08.20"]
[Round "7"]
[White "Zoltek, Tadeusz"]
[Black "Heinig, Wolfram"]
[Result "1/2-1/2"]
[WhiteElo "2300"]
[BlackElo "2355"]
[Annotator "Ftacnik,L"]
[PlyCount "57"]
[EventDate "1982.08.14"]
[EventType "tourn"]
[EventRounds "9"]
[EventCountry "DDR"]
[EventCategory "4"]
[SourceTitle "MCL"]
[Source "ChessBase"]
[SourceDate "1999.07.01"]
[SourceVersion "1"]
[SourceVersionDate "1999.07.01"]
[SourceQuality "1"]

1. c4 g6 2. Nc3 Bg7 3. g3 Nf6 4. Bg2 O-O 5. e4 d6 6. Nge2 c5 7. O-O Nc6 8. d3
a6 $2 (8... Ne8 $1) 9. h3 Bd7 10. a4 $1 Ne8 11. Be3 Nc7 12. d4 cxd4 13. Nxd4
Nxd4 14. Bxd4 Bxd4 15. Qxd4 Ne6 16. Qe3 Rc8 17. b3 a5 18. f4 Nc5 19. Rab1 Bc6
20. Kh2 Qb6 21. Rfe1 (21. Nd5) 21... Qc7 22. Re2 b6 23. Rf2 f6 24. h4 e5 25.
Rd2 Rcd8 26. Bh3 Qe7 27. f5 Kg7 28. g4 g5 29. h5 1/2-1/2

[Event "Belgrade GMA op"]
[Site "Belgrade"]
[Date "1988.??.??"]
[Round "?"]
[White "Miles, Anthony John"]
[Black "Ftacnik, Lubomir"]
[Result "1/2-1/2"]
[WhiteElo "2500"]
[BlackElo "2590"]
[Annotator "Ftacnik,L"]
[PlyCount "75"]
[EventDate "1988.12.??"]
[EventType "swiss"]
[EventRounds "9"]
[EventCountry "YUG"]
[SourceTitle "TD"]
[Source "ChessBase"]
[SourceDate "1994.03.01"]
[SourceVersion "1"]
[SourceVersionDate "1994.03.01"]
[SourceQuality "1"]

1. c4 c5 2. g3 g6 3. Bg2 Bg7 4. Nc3 Nc6 5. a3 a6 6. e3 d6 7. Nge2 Bd7 8. O-O
Rb8 9. d4 $1 (9. a4 Nh6 $5 (9... Nf6 10. d4 O-O)) 9... cxd4 (9... b5 10. cxb5 (
10. dxc5 dxc5 11. Ne4 Ne5 $5) 10... axb5 11. dxc5 dxc5 12. Ne4 c4 $5 (12... Qb6
13. N2c3) 13. Nc5 Ne5 $13) 10. exd4 Nh6 (10... b5 11. c5 $5 $14) 11. d5 Ne5 $8
(11... Na5 $2 12. Bxh6 Bxh6 13. b4 Nxc4 14. Qd4 Ne5 15. f4 $18) 12. b3 Qc8 (
12... b5 $6 13. cxb5 axb5 14. h3 $1 f5 (14... Qc8 15. Bxh6 $1 Bxh6 16. f4 $18)
15. f4 Nef7 16. Be3 $16) 13. Be3 (13. f4 $2 Neg4) 13... Bh3 $6 (13... b5 $5 14.
cxb5 axb5 15. Rc1 Qa6 16. Nd4 Nf5 17. Nc6 Rc8 $1 $132) 14. f4 $1 Bxg2 (14...
Neg4 15. Bb6 $5 $14 (15. Bd4 Bxg2 16. Bxg7 (16. Kxg2 Nf5 $1) 16... Bxf1 17.
Bxh8 Bxe2 18. Qxe2 f6 $1 $13)) 15. Kxg2 Nf5 16. Bg1 (16. Ba7 $2 b6 $1) 16...
Ng4 17. Qd3 h5 18. Rac1 (18. Nd4 O-O $1) 18... Nf6 19. h3 $6 (19. Na4 $1 h4 (
19... Nd7 20. b4 b6 21. Nd4 $1 $14) 20. Nb6 (20. Ba7 Ra8 21. Nb6 Qc5 $1 22.
Nxa8 Qxa7) 20... Qd8 $1 21. b4 Nd7 $14) 19... O-O 20. Nd4 (20. Na4 $5 Nd7 (
20... e6 $6 21. Nb6 Qe8 22. Nc3 $16) 21. Nd4 Nxd4 22. Bxd4 Bxd4 23. Qxd4 Qd8
24. f5 b5 $14) 20... Re8 21. Na4 (21. Nxf5 Qxf5 22. Qxf5 gxf5 23. Rfe1 b5 $132)
21... Nxd4 22. Bxd4 Qf5 $1 $8 (22... Nd7 23. f5 Bxd4 24. fxg6 $5 $16) 23. Rf3 (
23. Qxf5 gxf5 24. Nb6 Ne4 {24...[]d5! Miles,A} 25. Bxg7 Kxg7 $10) 23... b5 (
23... Qxd3 24. Rxd3 Nd7 25. b4 b5 $132) (23... Nd7 24. Bxg7 Kxg7 25. Qd4+ Kg8)
24. Nb6 $8 (24. cxb5 axb5 25. Nc3 (25. Nb6 Nxd5 $1) 25... Qxd3 26. Rxd3 b4 $1)
24... Rb7 25. cxb5 Qxd3 $6 (25... axb5 $1 26. Qxb5 Reb8 (26... Nd7 27. Qa4 $1
Bxd4 28. Nxd7 { []f6}) 27. Qc6 (27. Qd3 Nxd5 $1) 27... Nxd5 28. Qxd5 Qxd5 29.
Nxd5 Bxd4 30. b4 e6 $132) 26. Rxd3 axb5 27. a4 bxa4 (27... Nd7 28. Nxd7 Rxd7
29. a5 b4 (29... Bxd4 30. Rxd4 $16) 30. Bb6 $16 {(.)}) 28. bxa4 Nd7 (28... Ra7
29. Bg1 $1 $16) 29. a5 $1 Bxd4 30. Rxd4 Nc5 (30... Nxb6 31. Rb4 Reb8 32. Rcb1
$16) 31. Rb1 (31. Rdc4 Ra7 32. Ra1 Nb3 33. Ra3 Nxa5) 31... Ra8 $1 32. Rb5 Rxa5
(32... Ra6 33. Rdb4 Rba7 34. Nc4 $16) 33. Rxa5 Rxb6 34. Rd2 $6 (34. Ra7 Kf8 35.
g4 $1 $14) 34... f5 $1 35. Ra7 Kf7 36. Ra3 (36. Rc2 Rb3 37. Rxc5 dxc5 38. d6
Re3 39. Rc7 $10) 36... Rb4 37. Kf3 $2 (37. Raa2 Ne4 38. Rd3 $10) 37... Ne4 38.
Rd1 (38. Rd1 Rb2 $1) 1/2-1/2